| 000 | 01022nam a2200241 i 4500 | ||
|---|---|---|---|
| 001 | bg | ||
| 245 | 0 | 0 |
_aZarządzanie zmianą w krajach Europy środkowo-wschodniej : _bstan i kierunki restrukturyzacji przedsiębiorstw / _coprac. i red. naukowa Czesław Glinkowski ; Akademia Ekonomiczna w Poznaniu. Katedra Ekonomiki Produkcji. |
| 260 |
_aCzęstochowa : _bWydaw. Wydziału Zarządzania PC, _c2003. |
||
| 300 |
_a373, [1] s. : _bil., mapy ; _c24 cm. |
||
| 500 | _aStreszcz. ang. | ||
| 504 | _aBibliogr. przy rozdz. | ||
| 650 | 9 |
_aPrzedsiębiorstwo _zEuropa Środkowo-Wschodnia _yod 1989 r. |
|
| 650 | 9 |
_aTransformacja systemu społeczno-gospodarczego _zEuropa Środkowo-Wschodnia |
|
| 700 | 1 |
_aGLINKOWSKI, Czesław. _eOprac. |
|
| 710 | 0 |
_aAkademia Ekonomiczna (Poznań) _bKatedra Ekonomiki Produkcji |
|
| 020 | _a8388469223 | ||
| 040 | _cBPK | ||
| 041 | 0 |
_apol _beng |
|
| 080 | _a338.24.021.8:658.1/.5](4-191.2-11)"1989/..." | ||
| 920 | _a83-88469-22-3 | ||
| 942 | _cKS | ||
| 008 | s pl f |000 0 pol | ||
| 999 |
_c43972 _d43972 |
||
| 856 |
_uhttp://koha.tu.koszalin.pl/cgi-bin/koha/opac-detail.pl?biblionumber=43972 _yKatalog online BPK |
||